Normal view
MARC view
- WITTGENSTEIN, LUDWIG,1889-1951
Entry Topical Term
001 - CONTROL NUMBER
- control field: 1174
003 - CONTROL NUMBER IDENTIFIER
- control field: CBULib
005 - DATE AND TIME OF LATEST TRANSACTION
- control field: 20240111091944.0
008 - FIXED-LENGTH DATA ELEMENTS
- fixed length control field: 231127|| aca||babn | a|a d
040 ## - CATALOGING SOURCE
- Original cataloging agency: CBULib
150 ## - HEADING--TOPICAL TERM
- Topical term or geographic name entry element: WITTGENSTEIN, LUDWIG,1889-1951